Statistics for Most Unknown Countries to the population

Click here to take the quiz!

General Stats

  • This quiz has been taken 29 times
  • The average score is 4 of 5

Answer Stats

HintAnswer% Correct
Small country in europeLiechtenstein
83%
Small country in AsiaBrunei
79%
Island country in oceania, close to japanPalau
79%
Island country in the PacificKiribati
71%
Island country in the CarribeanSaint Vincent and the Grenadines
71%

Score Distribution

Percentile by Number Answered

Percent of People with Each Score

Your Score History

You have not taken this quiz